Катастрофические процессы и их влияние на природную среду (Запись № 171920)

Подробности
000 -МАРКЕР
контрольное поле 01807nam1a2200313 i 4500
001 - ИДЕНТИФИКАТОР ЗАПИСИ
контрольное поле RU\NLR\bibl\338647
005 - ИДЕНТИФИКАТОР ВЕРСИИ
контрольное поле 20260407064148.0
035 ## - ДРУГИЕ СИСТЕМНЫЕ НОМЕРА
Идентификатор записи (NLR Aleph) 000333535
100 ## - ДАННЫЕ ОБЩЕЙ ОБРАБОТКИ
Данные общей обработки 20021123g20029999k y0rusy50 ca
101 0# - ЯЗЫК РЕСУРСА
Язык текста, звукозаписи и т.д. русский
102 ## - СТРАНА ПУБЛИКАЦИИ ИЛИ ПРОИЗВОДСТВА
Страна публикации Российская Федерация
105 ## - ПОЛЕ КОДИРОВАННЫХ ДАННЫХ: ТЕКСТОВЫЕ МАТЕРИАЛЫ, МОНОГРАФИЧЕСКИЕ
Кодированные данные о монографическом текстовом документе a |||||||||
200 1# - ЗАГЛАВИЕ И СВЕДЕНИЯ ОБ ОТВЕТСТВЕННОСТИ
Основное заглавие Катастрофические процессы и их влияние на природную среду
Первые сведения об ответственности [Авсюк Ю.Н., Собисевич Л.Е., Собисевич А.Л. и др.]
Последующие сведения об ответственности Под ред. акад. Лаверова Н.П.
-- М-во пром-сти, науки и технологий Рос. Федерации, Федер. целевая науч.-техн. прогр. "Исслед. и разраб. по приоритет. направлениям развития науки и техники гражд. назначения" подпрогр. "Глобал. изм. природ. среды и климата"
210 ## - ПУБЛИКАЦИЯ, РАСПРОСТРАНЕНИЕ И ДР.
Место издания, распространения и т.д. М.
Имя издателя, распространителя и т. д. Регион. обществ. орг. ученых по пробл. прикл. геофизики
Дата издания, распространения и т.д. 2002
215 ## - ФИЗИЧЕСКАЯ ХАРАКТЕРИСТИКА
Размеры 29
463 #0 - УРОВЕНЬ ФИЗИЧЕСКОЙ ЕДИНИЦЫ
Встроенное поле 001317556
463 #0 - УРОВЕНЬ ФИЗИЧЕСКОЙ ЕДИНИЦЫ
Встроенное поле 001338781
606 ## - НАИМЕНОВАНИЕ ТЕМЫ КАК ПРЕДМЕТ
Наименование темы Стихийные бедствия
Системный номер авторитетной/нормативной записи 1113549
Идентификатор авторитетной/нормативной записи RU\NLR\auth\66120484
686 ## - ИНДЕКСЫ ДРУГИХ КЛАССИФИКАЦИЙ
Индекс Д205
701 #1 - ИМЯ ЛИЦА - АЛЬТЕРНАТИВНАЯ ОТВЕТСТВЕННОСТЬ
Начальный элемент ввода Авсюк
Часть имени, кроме начального элемента ввода Ю. Н.
Код отношения Автор
701 #1 - ИМЯ ЛИЦА - АЛЬТЕРНАТИВНАЯ ОТВЕТСТВЕННОСТЬ
Начальный элемент ввода Собисевич
Часть имени, кроме начального элемента ввода Л. Е.
Код отношения Автор
701 #1 - ИМЯ ЛИЦА - АЛЬТЕРНАТИВНАЯ ОТВЕТСТВЕННОСТЬ
Начальный элемент ввода Собисевич
Часть имени, кроме начального элемента ввода А. Л.
Код отношения Автор
702 #1 - ИМЯ ЛИЦА - ВТОРИЧНАЯ ОТВЕТСТВЕННОСТЬ
Код отношения Редактор
Материалы, к которым относится поле rus
Графика поля Кириллица
Начальный элемент ввода Лаверов
Часть имени, кроме начального элемента ввода Н. П.
Даты 1930-
Расширение инициалов личного имени Николай Павлович
Идентификатор авторитетной/нормативной записи RU\NLR\auth\7719990
Системный номер авторитетной/нормативной записи 3058
712 01 - НАИМЕНОВАНИЕ ОРГАНИЗАЦИИ - ВТОРИЧНАЯ ОТВЕТСТВЕННОСТЬ
Код отношения Прочие
Начальный элемент ввода Российская Федерация
Структурное подразделение Министерство промышленности, науки и технологий
Идентификатор авторитетной/нормативной записи RU\NLR\AUTH\8810031534
Системный номер авторитетной/нормативной записи 561681
801 #0 - ИСТОЧНИК ЗАПИСИ
Страна Российская Федерация
Организация NLR
Дата составления 20021123
Правила каталогизации PSBO
801 #1 - ИСТОЧНИК ЗАПИСИ
Страна Российская Федерация
Организация NLR
Дата составления 20021123
852 ## - МЕСТОНАХОЖДЕНИЕ И ШИФР ХРАНЕНИЯ
Идентификатор организации NLR
Шифр хранения (Call Number) 2002-8/3031
942 ## - ДОПОЛНИТЕЛЬНЫЕ ЭЛЕМЕНТЫ ЗАПИСИ (АБИС)
Тип экземпляра АБИС Книга

Нет доступных экземпляров.